Vascos en Santiago de Chile / (Record no. 183289)

MARC details
000 -LEADER
campo de control de longitud fija 00629nam a22001815i 4500
001 - NÚMERO DE CONTROL
campo de control 183289
003 - IDENTIFICADOR DE NÚMERO DE CONTROL
campo de control ES-MaACL
005 - FECHA Y HORA DE LA ÚLTIMA TRANSACCIÓN
campo de control 20230906221845.0
008 - DATOS DE LONGITUD FIJA--INFORMACIÓN GENERAL
campo de control de longitud fija 140206s1991 sp | |||| ||spa d
080 ## - NÚMERO DE LA CLASIFICACIÓN DECIMAL UNIVERSAL
Número de la Clasificación Decimal Universal 929(=1.460.15:835.41 S.)
100 1# - ENTRADA PRINCIPAL--NOMBRE DE PERSONA
Nombre de persona Laborde Duronea, Miguel.
9 (RLIN) 154391
245 10 - MENCIÓN DEL TÍTULO
Título Vascos en Santiago de Chile /
Mención de responsabilidad, etc. Miguel Laborde Duronea.
260 ## - PUBLICACIÓN, DISTRIBUCIÓN, ETC.
Lugar de publicación, distribución, etc. [Vitoria] :
Nombre del editor, distribuidor, etc. Departamento de Cultura, Gobierno Vasco,
Fecha de publicación, distribución, etc. [1991] (
Lugar de fabricación/manufactura Santiago, Chile :
Fabricante Tall. Arancibia Hnos.)
300 ## - DESCRIPCIÓN FÍSICA
Extensión 106 p. ;
Dimensiones 22 cm.
504 ## - NOTA DE BIBLIOGRAFÍA, ETC.
Nota de bibliografía, etc. Bibliografía: p. 105-106.
650 #4 - PUNTO DE ACCESO ADICIONAL DE MATERIA--TÉRMINO DE MATERIA
Término de materia o nombre geográfico como elemento de entrada Vascos-
Subdivisión geográfica Chile-
Subdivisión de forma Historia.
9 (RLIN) 153173
852 ## - LOCALIZACIÓN
Ubicación ES-MaACL
Número de control de estantería L-30022
Holdings
Estatus retirado Estado de pérdida Estado de daño No para préstamo Biblioteca de origen Biblioteca actual Ubicación en estantería Fecha de adquisición Fuente de adquisición Total de préstamos Signatura topográfica completa Código de barras Visto por última vez Precio de reemplazo Tipo de ítem Koha
        Biblioteca del Ateneo de Madrid Biblioteca del Ateneo de Madrid Depósito 2 06/02/2014     L-30022 1192640 23/02/2023 23/02/2023 Libro impreso